[Event "Buer- Borbeck"]
[Site "?"]
[Date "2024.03.10"]
[Round "7.3"]
[White "Klasmeier, Jens"]
[Black "Winzbeck, Frank"]
[Result "1-0"]
[WhiteElo "2048"]
[BlackElo "1850"]
[PlyCount "87"]
[SourceDate "2024.03.25"]

1. e4 c5 2. Nc3 e6 3. g3 d5 4. exd5 exd5 5. Bg2 d4 6. Qe2+ Be7 7. Nd5 Nc6 8.
Nxe7 Ngxe7 9. Nf3 O-O 10. O-O Bg4 11. h3 Bh5 12. g4 Bg6 13. d3 Qd6 14. Bg5 Nd5
15. Qd2 f5 16. Nh4 fxg4 17. Nxg6 hxg6 18. hxg4 Nf4 19. Bxf4 Rxf4 20. Bd5+ Kf8
21. f3 g5 22. Be4 Kf7 23. Qh2 Qh6 24. Bd5+ Kf8 25. Rae1 Qxh2+ 26. Kxh2 Ne7 27.
Re5 Nxd5 28. Rxd5 b6 29. Rxg5 Re8 30. Kg3 Rf6 31. Rd5 Rf7 32. b4 Rc7 33. bxc5
bxc5 34. Rh1 Re2 35. Rh2 Re1 36. Rhh5 Ra1 37. Rxc5 Rxc5 38. Rxc5 Rxa2 39. Kf4
a5 40. Ke5 a4 41. Kxd4 Ra1 42. Ra5 a3 43. Kc3 a2 44. Kb2 1-0

[Event "Buer- Borbeck"]
[Site "?"]
[Date "2024.03.10"]
[Round "7.4"]
[White "Hirschberg, Markus"]
[Black "Dewenter, Ulf"]
[Result "1/2-1/2"]
[WhiteElo "1832"]
[BlackElo "2054"]
[PlyCount "35"]
[SourceDate "2024.03.25"]

1. e4 Nf6 2. e5 Nd5 3. c4 Nb6 4. d4 d6 5. exd6 cxd6 6. Bd3 g6 7. Nc3 Bg7 8.
Nge2 Nc6 9. Be3 O-O 10. O-O e5 11. d5 Ne7 12. f3 Bf5 13. Ne4 Bxe4 14. fxe4 f5
15. Rc1 Nd7 16. Qb3 b6 17. Qc2 f4 18. Bd2 1/2-1/2

[Event "Buer- Borbeck"]
[Site "?"]
[Date "2024.03.10"]
[Round "7.5"]
[White "Korste, Sebastian"]
[Black "Gill, Stephan"]
[Result "1/2-1/2"]
[WhiteElo "1996"]
[BlackElo "1823"]
[Annotator "daniel"]
[PlyCount "81"]
[SourceDate "2024.03.25"]

1. d4 d5 2. Nf3 Nc6 3. Bf4 Nf6 4. e3 Bg4 5. Nbd2 Ne4 6. h3 Nxd2 7. Qxd2 Bxf3 8.
gxf3 e6 9. Rg1 g6 10. O-O-O Bd6 11. e4 Bxf4 $11 12. Qxf4 a6 13. h4 h5 14. Rg5
Ne7 15. Bh3 Qd6 16. e5 Qd7 17. Qe3 O-O-O 18. Rd3 Kb8 19. Rb3 Nc6 20. Qc3 Na7
21. Bf1 Ka8 22. f4 Qe7 23. Ra3 Rc8 24. b4 c6 25. Qc5 Qc7 26. Rgg3 Nb5 27. Bxb5
cxb5 28. Qxc7 Rxc7 29. Rac3 Rhc8 30. Rxc7 Rxc7 31. Kb2 b6 32. c3 a5 33. a3 Kb7
34. Kc2 Kc8 35. Kd3 Kd8 36. bxa5 bxa5 37. Rg1 Rc4 38. Rb1 Ra4 39. Rb3 Kc7 40.
Ke3 Kb6 41. Kd3 1/2-1/2

[Event "Buer- Borbeck"]
[Site "?"]
[Date "2024.03.10"]
[Round "7.6"]
[White "Dereli, Ismail"]
[Black "Poetter, Clemens"]
[Result "0-1"]
[WhiteElo "1768"]
[BlackElo "1986"]
[PlyCount "78"]
[SourceDate "2024.03.25"]

1. d4 Nf6 2. c4 e6 3. Nc3 d5 4. Bg5 Be7 5. Nf3 O-O 6. e3 b6 7. cxd5 exd5 8. Bd3
c5 9. Rc1 Nc6 10. h3 Be6 11. O-O h6 12. Bf4 Bd6 13. Bxd6 Qxd6 14. Qe2 Rad8 15.
Rfd1 cxd4 16. Nb5 Qd7 17. Nbxd4 Nxd4 18. exd4 Rc8 19. Ne5 Qd6 20. Ba6 Rxc1 21.
Rxc1 Ne4 22. Rc6 Qe7 23. Bd3 Bf5 24. Qc2 Qg5 25. Nf3 Qf4 26. Ne5 f6 27. Nf3
Bxh3 28. gxh3 Qxf3 29. Bxe4 dxe4 30. Qc3 Qf4 31. Qg3 Qxg3+ 32. fxg3 Rd8 33. Rc4
Kf7 34. Kf2 Ke6 35. Ke3 f5 36. Rc6+ Rd6 37. Rc7 Rd7 38. Rc6+ Kd5 39. Rc3 g5 0-1

[Event "Buer- Borbeck"]
[Site "?"]
[Date "2024.03.10"]
[Round "7.7"]
[White "Klasmeier, Hartmut"]
[Black "Reichardt, Markus"]
[Result "1-0"]
[WhiteElo "1905"]
[BlackElo "1736"]
[PlyCount "51"]
[SourceDate "2024.03.25"]

1. e4 c5 2. Nc3 Nc6 3. g3 g6 4. Bg2 Bg7 5. d3 d6 6. f4 e6 7. Nf3 Nge7 8. O-O
O-O 9. Rb1 Qc7 10. Bd2 a6 11. Ne2 d5 12. e5 f6 13. exf6 Bxf6 14. c3 Bd7 15. Be3
b6 16. d4 Nf5 17. Bf2 Nce7 18. g4 Nd6 19. Ne5 Rae8 20. b3 Bxe5 21. fxe5 Nb7 22.
Qd2 Bb5 23. Bh4 Bxe2 24. Qxe2 Nd8 25. Qxa6 cxd4 26. cxd4 1-0

[Event "Buer- Borbeck"]
[Site "?"]
[Date "2024.03.10"]
[Round "7.8"]
[White "Lazarev, Vadim"]
[Black "Mundil, Uwe"]
[Result "0-1"]
[WhiteElo "1733"]
[BlackElo "1969"]
[PlyCount "90"]
[SourceDate "2024.03.25"]

1. e4 e6 2. e5 c5 3. g3 Nc6 4. f4 d6 5. exd6 Bxd6 6. Bg2 Qb6 7. Nc3 Nf6 8. b3
e5 9. fxe5 Nxe5 10. Nf3 Bg4 11. h3 Nxf3+ 12. Bxf3 Bxg3+ 13. Kf1 Be6 14. Qe2 a6
15. Bb2 Qc7 16. Ne4 Be5 17. Nxf6+ Bxf6 18. Bxf6 gxf6 19. Bg4 f5 20. Bf3 O-O-O
21. Qh2 Rhg8 22. Qxc7+ Kxc7 23. d3 Rg3 24. Kf2 Rdg8 25. Bg4 f4 26. Rag1 Bd5 27.
Re1 Bxh1 28. Rxh1 Re3 29. Bf5 h6 30. Bg4 Kd6 31. a4 a5 32. Bf3 b6 33. h4 Ke5
34. h5 Rg3 35. Be2 Rh3 36. Rxh3 Rxh3 37. Kg2 Rg3+ 38. Kf2 Kd4 39. Bd1 Kc3 40.
Bf3 Kxc2 41. Bd5 Kxd3 42. Bxf7 Kc2 43. Ke2 Re3+ 44. Kf2 Rxb3 45. Bxb3+ Kxb3 0-1

[Event "Bottrop- Bönen"]
[Site "?"]
[Date "2024.03.10"]
[Round "7.1"]
[White "Schlottmann, Fabian"]
[Black "Ruhmann, Gabriel"]
[Result "1-0"]
[WhiteElo "2303"]
[BlackElo "1903"]
[PlyCount "85"]
[SourceDate "2024.03.25"]

1. d4 d5 2. Nf3 Nf6 3. c4 e6 4. Nc3 c5 5. cxd5 Nxd5 6. e3 Nc6 7. Bd3 cxd4 8.
exd4 Be7 9. O-O Bf6 10. Re1 O-O 11. Ne4 Be7 12. Bb1 Nf6 13. a3 g6 14. Bh6 Re8
15. b4 Nxe4 16. Bxe4 Bf6 17. Bxc6 bxc6 18. Ne5 Qd5 19. Rc1 Rd8 20. Nxc6 Bb7 21.
Rc5 Qxc5 22. bxc5 Bxc6 23. Be3 Rab8 24. Qg4 Rb3 25. Qf4 Kg7 26. h4 h5 27. g4
hxg4 28. Qh6+ Kg8 29. h5 Bg7 30. Qf4 e5 31. Qxg4 exd4 32. Bf4 Bf3 33. Qh4 Rd5
34. hxg6 Rh5 35. Qd8+ Bf8 36. gxf7+ Kh7 37. Bh2 Kg7 38. Qxd4+ Kh7 39. Qd8 Kg7
40. Qd2 Rh6 41. Qc2 Rg6+ 42. Kf1 Rb7 43. Qc3+ 1-0

[Event "Bottrop- Bönen"]
[Site "?"]
[Date "2024.03.10"]
[Round "7.2"]
[White "Stadtmann, Jens"]
[Black "Moenkemeyer, Maik"]
[Result "1/2-1/2"]
[WhiteElo "2186"]
[BlackElo "1911"]
[PlyCount "39"]
[SourceDate "2024.03.25"]

1. c4 e6 2. g3 d5 3. Bg2 Nf6 4. Nf3 Be7 5. O-O O-O 6. d4 b6 7. b3 Bb7 8. Qc2
Nbd7 9. Bb2 c5 10. dxc5 Nxc5 11. Rd1 Qc8 12. Na3 Nce4 13. Ne5 dxc4 14. Naxc4 b5
15. Ne3 Qxc2 16. Nxc2 Rfd8 17. Nd4 Bc5 18. e3 a6 19. Nec6 Rd7 20. Ne5 1/2-1/2

[Event "Bottrop- Bönen"]
[Site "?"]
[Date "2024.03.10"]
[Round "7.3"]
[White "Merz, Martin"]
[Black "Boehm, Joachim"]
[Result "0-1"]
[WhiteElo "1944"]
[BlackElo "2208"]
[PlyCount "50"]
[SourceDate "2024.03.25"]

1. d4 g6 2. e4 Bg7 3. Nf3 d6 4. Bc4 Nc6 5. c3 Nf6 6. Qe2 e5 7. dxe5 dxe5 8. O-O
O-O 9. Na3 h6 10. Nc2 Nh5 11. Rd1 Qf6 12. g3 Bh3 13. Be3 b6 14. Rd2 a5 15. a4
Ne7 16. Na3 Nc8 17. Rad1 Nd6 18. Bd5 Rac8 19. Nb5 Nxb5 20. axb5 Qe7 21. Nh4 Kh7
22. Nf5 gxf5 23. Qxh5 Bg4 24. Qh4 Qxh4 25. gxh4 Bxd1 0-1

[Event "Bottrop- Bönen"]
[Site "?"]
[Date "2024.03.10"]
[Round "7.4"]
[White "Masberg, Stefan"]
[Black "Fuest, Torsten"]
[Result "1/2-1/2"]
[WhiteElo "1897"]
[BlackElo "1907"]
[PlyCount "22"]
[SourceDate "2024.03.25"]

1. e4 c5 2. Nf3 g6 3. d4 cxd4 4. Nxd4 Bg7 5. c4 Nc6 6. Be3 Nf6 7. Nc3 d6 8. Be2
O-O 9. O-O Ng4 10. Nxc6 Nxe3 11. Nxd8 Nxd1 1/2-1/2

[Event "Bottrop- Bönen"]
[Site "?"]
[Date "2024.03.10"]
[Round "7.5"]
[White "Helmert, Jochen"]
[Black "Gierse, Heinz- Dieter"]
[Result "1/2-1/2"]
[WhiteElo "1940"]
[BlackElo "1908"]
[PlyCount "47"]
[SourceDate "2024.03.25"]

1. e4 d5 2. exd5 Nf6 3. d4 Bg4 4. Bb5+ Nbd7 5. f3 Bf5 6. Nc3 a6 7. Bd3 Bxd3 8.
Qxd3 Nb6 9. Nge2 Nfxd5 10. a3 e6 11. O-O Nxc3 12. Qxc3 Be7 13. Qe3 O-O 14. Qf2
Rc8 15. Qg3 Kh8 16. Kh1 c5 17. dxc5 Rxc5 18. Nc3 f5 19. Qf2 Rc6 20. Rd1 Qc7 21.
Rd3 Nc4 22. Ne2 Bf6 23. Nd4 Qb6 24. Qg1 1/2-1/2

[Event "Bottrop- Bönen"]
[Site "?"]
[Date "2024.03.10"]
[Round "7.6"]
[White "Huestegge, Ulrich"]
[Black "Wegner, Stephan"]
[Result "0-1"]
[WhiteElo "1872"]
[BlackElo "1823"]
[PlyCount "100"]
[SourceDate "2024.03.25"]

1. e4 e6 2. c4 d5 3. cxd5 exd5 4. exd5 Nf6 5. Nc3 Nxd5 6. Nf3 Be6 7. Be2 Be7 8.
O-O O-O 9. Nd4 Bc8 10. Re1 Bf6 11. Nc2 Re8 12. Bf3 Nxc3 13. dxc3 c6 14. Be3 Nd7
15. Qd2 Ne5 16. Be2 Qxd2 17. Bxd2 Bf5 18. Nd4 Bd3 19. Be3 Bxe2 20. Rxe2 Nc4 21.
Rae1 Nxe3 22. Rxe3 Rxe3 23. Rxe3 Bxd4 24. cxd4 Kf8 25. Kf1 Rd8 26. Rd3 Ke7 27.
Ke2 Kd6 28. Rh3 h6 29. Kd3 b5 30. b4 a5 31. a3 axb4 32. axb4 Ra8 33. Ke4 Re8+
34. Kd3 Ra8 35. Ke4 Ra4 36. Rf3 Ke6 37. Rg3 f5+ 38. Kd3 Ra3+ 39. Ke2 Rxg3 40.
hxg3 Kd5 41. Kd3 g5 42. f3 h5 43. Kc3 g4 44. Kd3 gxf3 45. gxf3 f4 46. g4 h4 47.
Ke2 Kxd4 48. Kf2 Kd5 49. Kg2 c5 50. g5 cxb4 0-1

[Event "Bottrop- Bönen"]
[Site "?"]
[Date "2024.03.10"]
[Round "7.7"]
[White "Bauch, Olaf"]
[Black "Jaeger, Heinz"]
[Result "0-1"]
[WhiteElo "1871"]
[BlackElo "1969"]
[PlyCount "38"]
[SourceDate "2024.03.25"]

1. e4 g6 2. d4 d6 3. Nc3 Bg7 4. Be3 e5 5. dxe5 Bxe5 6. Nf3 Bg7 7. Bc4 Nc6 8. h3
Be6 9. Bxe6 fxe6 10. Ng5 Qe7 11. Qg4 Bf6 12. h4 Bxc3+ 13. bxc3 e5 14. Qe2 Qd7
15. Qc4 Nf6 16. f3 h6 17. O-O-O hxg5 18. hxg5 Rxh1 19. Rxh1 Nh7 0-1

[Event "Bottrop- Bönen"]
[Site "?"]
[Date "2024.03.10"]
[Round "7.8"]
[White "Husseini, Ali"]
[Black "Lenz, Guntram"]
[Result "1-0"]
[WhiteElo "2002"]
[BlackElo "1833"]
[PlyCount "47"]
[SourceDate "2024.03.25"]

1. e4 c6 2. d4 d5 3. Nc3 dxe4 4. Nxe4 Bf5 5. Ng3 Bg6 6. N1e2 h6 7. Nf4 Bh7 8.
Bc4 e6 9. Bxe6 fxe6 10. Nxe6 Qe7 11. O-O Qxe6 12. Re1 Qxe1+ 13. Qxe1+ Kd7 14.
Qe5 Nf6 15. Bf4 Na6 16. Nh5 Nxh5 17. Qxh5 Re8 18. d5 c5 19. d6 Bg8 20. Qf3 Rb8
21. Re1 Nb4 22. Qg4+ Kc6 23. d7 Rd8 24. Re8 1-0

[Event "Bochum Linden- Dortmund"]
[Site "?"]
[Date "2024.03.10"]
[Round "7.1"]
[White "Schulenburg, Pit"]
[Black "Hahn, Matthias"]
[Result "1/2-1/2"]
[WhiteElo "2009"]
[BlackElo "2110"]
[PlyCount "36"]
[SourceDate "2024.03.25"]

1. d4 d5 2. c4 e6 3. Nf3 Nf6 4. g3 Be7 5. Bg2 O-O 6. O-O dxc4 7. Qc2 b6 8. Ne5
Qxd4 9. Qc3 Qxc3 10. Nxc3 Nd5 11. Nxd5 exd5 12. Bxd5 c6 13. Nxc6 Nxc6 14. Bxc6
Bh3 15. Bxa8 Bxf1 16. Kxf1 Rxa8 17. e4 Bf6 18. Rb1 Rd8 1/2-1/2

[Event "Bochum Linden- Dortmund"]
[Site "?"]
[Date "2024.03.10"]
[Round "7.2"]
[White "Boehm, Ingo"]
[Black "Mallee, Ralph"]
[Result "1-0"]
[WhiteElo "2081"]
[BlackElo "2069"]
[PlyCount "21"]
[SourceDate "2024.03.25"]

1. e4 e5 2. Nf3 Nc6 3. Bb5 f5 4. d3 fxe4 5. dxe4 Nf6 6. O-O d6 7. Bc4 Na5 8.
Be2 Be7 9. Bg5 O-O 10. Bxf6 Bxf6 11. Qd5+ 1-0

[Event "Bochum Linden- Dortmund"]
[Site "?"]
[Date "2024.03.10"]
[Round "7.3"]
[White "Boehmfeldt, Bruno"]
[Black "Kandyba, Andriy"]
[Result "1/2-1/2"]
[WhiteElo "2205"]
[BlackElo "1984"]
[PlyCount "82"]
[SourceDate "2024.03.25"]

1. Nf3 Nf6 2. g3 g6 3. Bg2 Bg7 4. O-O d5 5. d3 O-O 6. Nbd2 c5 7. e4 Nc6 8. Re1
h6 9. c3 dxe4 10. dxe4 Be6 11. Qe2 Nd7 12. Nc4 b5 13. Na3 a6 14. Be3 Rc8 15.
Red1 Qa5 16. Nd2 Nce5 17. Nc2 Rfd8 18. h3 Bc4 19. Nxc4 Nxc4 20. Ne1 Nxe3 21.
Qxe3 Qc7 22. f4 Nb6 23. e5 e6 24. Nd3 Bf8 25. Kh2 Rd7 26. Nf2 Rcd8 27. Qe2 Be7
28. Rxd7 Rxd7 29. Rd1 c4 30. Ne4 Kg7 31. Rd2 Na4 32. b3 Rxd2 33. Qxd2 cxb3 34.
axb3 Nc5 35. Nxc5 Bxc5 36. h4 a5 37. b4 axb4 38. cxb4 Bf8 39. Bf1 Qe7 40. Bxb5
h5 41. Be2 Qxb4 1/2-1/2

[Event "Bochum Linden- Dortmund"]
[Site "?"]
[Date "2024.03.10"]
[Round "7.4"]
[White "Schmidt, Ralph"]
[Black "Zeldin, Vitali"]
[Result "1/2-1/2"]
[WhiteElo "1878"]
[BlackElo "1985"]
[PlyCount "33"]
[SourceDate "2024.03.25"]

1. e4 c5 2. Nc3 d6 3. d3 Nc6 4. Be3 Nf6 5. d4 cxd4 6. Bxd4 Nxd4 7. Qxd4 a6 8.
e5 dxe5 9. Qxe5 Be6 10. Nf3 Qb6 11. Be2 Ng4 12. Qd4 Qxd4 13. Nxd4 Bd7 14. Nd5
Rb8 15. Nb6 Ne5 16. Nxd7 Nxd7 17. O-O-O 1/2-1/2

[Event "Bochum Linden- Dortmund"]
[Site "?"]
[Date "2024.03.10"]
[Round "7.8"]
[White "Knackstedt, Ulf"]
[Black "Wolff, Torsten"]
[Result "0-1"]
[WhiteElo "1723"]
[BlackElo "1855"]
[PlyCount "62"]
[SourceDate "2024.03.25"]

1. d4 Nf6 2. Nc3 d5 3. e4 dxe4 4. f3 exf3 5. Nxf3 e6 6. Bg5 Be7 7. Bd3 Nbd7 8.
Qd2 b6 9. O-O-O Bb7 10. Rhf1 Nd5 11. Nxd5 Bxd5 12. Bxe7 Qxe7 13. c4 Bxf3 14.
Rxf3 c6 15. Rdf1 Nf6 16. Qg5 Kf8 17. Rg3 Ne8 18. Qg4 Kg8 19. Be4 f5 20. Bxf5
exf5 21. Rxf5 Nf6 22. Qg5 Rf8 23. Re5 Qf7 24. d5 cxd5 25. cxd5 h6 26. Qf4 Nd7
27. Qxf7+ Rxf7 28. Re8+ Kh7 29. Rge3 Rxe8 30. Rxe8 Rf5 31. d6 Rf6 0-1

[Event "Bochum Linden- Dortmund"]
[Site "?"]
[Date "2024.03.10"]
[Round "7.5"]
[White "Meinschien, Finn"]
[Black "Hochstein, Udo"]
[Result "1-0"]
[WhiteElo "1915"]
[BlackElo "1849"]
[PlyCount "85"]
[SourceDate "2024.03.25"]

1. e4 c5 2. Nf3 e6 3. d4 cxd4 4. Nxd4 Nf6 5. Nc3 d6 6. g4 Nc6 7. g5 Nd7 8. Be3
Be7 9. Rg1 O-O 10. Qh5 a6 11. O-O-O Nxd4 12. Bxd4 Re8 13. f4 g6 14. Qh6 Bf8 15.
Qh4 e5 16. Be3 exf4 17. Qxf4 Ne5 18. Nd5 Bg7 19. Bb6 Qd7 20. Nc7 Rb8 21. Nxe8
Qxe8 22. Rxd6 Nc6 23. Qd2 Be6 24. Kb1 Be5 25. Rd3 Qe7 26. a3 Rc8 27. Bh3 Bg7
28. Bxe6 Qxe6 29. c3 Qxe4 30. Re1 Qf5 31. Ka1 Qb5 32. Bd8 Na5 33. Bxa5 Qxa5 34.
Rd1 Bf8 35. Rd8 Rc6 36. Re1 Re6 37. Rxe6 fxe6 38. Re8 Qf5 39. Qe2 Kf7 40. Rb8
Be7 41. h4 Qh3 42. Qe4 b5 43. Rh8 1-0

[Event "Bochum Linden- Dortmund"]
[Site "?"]
[Date "2024.03.10"]
[Round "7.6"]
[White "Jedner, Volker"]
[Black "Brockmann, Fabian"]
[Result "0-1"]
[WhiteElo "1778"]
[BlackElo "1957"]
[PlyCount "141"]
[SourceDate "2024.03.25"]

1. d4 Nf6 2. Bg5 c5 3. c3 cxd4 4. cxd4 Ne4 5. Bd2 Qb6 6. Qc2 Qc6 7. Nc3 Nxd2 8.
Qxd2 e6 9. Rc1 Na6 10. e3 Bb4 11. a3 Bxc3 12. Rxc3 Qe4 13. Nf3 O-O 14. Bd3 Qg4
15. O-O d6 16. Rfc1 Bd7 17. Qc2 g6 18. Nd2 e5 19. Ne4 Qe6 20. Bc4 Qe7 21. dxe5
Qxe5 22. Rd1 Bf5 23. Bd3 Rad8 24. Ng3 Bxd3 25. Qxd3 Nc5 26. Qc2 Ne6 27. Ne2
Rfe8 28. h3 Qf6 29. Qa4 Nc5 30. Qf4 Qxf4 31. Nxf4 Na4 32. Rb3 b6 33. Rb4 Nc5
34. Rbd4 Ne6 35. Nxe6 Rxe6 36. Rc4 Kf8 37. Kf1 Ke7 38. Ke2 Rd7 39. Rdc1 d5 40.
Rd4 Re4 41. Rcd1 Rxd4 42. Rxd4 Ke6 43. f3 Rc7 44. Rd2 Rc4 45. Kd3 f5 46. Re2
Ke5 47. g3 h6 48. Re1 a5 49. b3 Rc5 50. Re2 b5 51. b4 axb4 52. axb4 Rc4 53. Rb2
d4 54. Rb3 dxe3 55. Kxe3 g5 56. Kd3 f4 57. g4 Rd4+ 58. Kc3 Rd1 59. Ra3 Rf1 60.
Ra5 Rxf3+ 61. Kc2 Rxh3 62. Rxb5+ Kd4 63. Rc5 Rg3 64. Rc6 Rxg4 65. b5 f3 66. b6
Kd5 67. Rf6 Rb4 68. Rxf3 Rxb6 69. Re3 Re6 70. Rg3 Ke4 71. Kd2 0-1

[Event "Bochum Linden- Dortmund"]
[Site "?"]
[Date "2024.03.10"]
[Round "7.7"]
[White "Wilms, Christoph"]
[Black "Boemelburg, Hans- Juergen"]
[Result "1-0"]
[WhiteElo "1811"]
[BlackElo "1720"]
[PlyCount "155"]
[SourceDate "2024.03.25"]

1. e4 Nf6 2. e5 Nd5 3. d4 d6 4. c4 Nb6 5. Nf3 g6 6. Be2 Bg7 7. O-O O-O 8. b3
Nc6 9. Bb2 dxe5 10. Nxe5 Nxe5 11. dxe5 Qxd1 12. Rxd1 Bf5 13. f4 Rad8 14. Na3 c6
15. Kf2 h5 16. Rac1 Rd7 17. Rxd7 Nxd7 18. Nc2 Nc5 19. Ne3 Ne4+ 20. Ke1 h4 21.
Nxf5 gxf5 22. Rd1 Bh6 23. Bc1 f6 24. Rd7 fxe5 25. Rxb7 exf4 26. Rxa7 h3 27.
gxh3 Bg5 28. Bf3 Rf7 29. Ra8+ Kh7 30. Rc8 c5 31. Bb2 Bf6 32. Bxf6 Rxf6 33. a4
Re6 34. Rc7 Ng5+ 35. Kf2 Nxh3+ 36. Kg2 Re3 37. Rxc5 e5 38. Bc6 Kg6 39. a5 Kg5
40. Rxe5 Rxe5 41. Kxh3 Rxa5 42. b4 Ra3+ 43. Kg2 Kg4 44. b5 f3+ 45. Kf2 Kf4 46.
b6 Ra2+ 47. Ke1 Ke3 48. Kd1 f2 49. Bg2 Kd4 50. Kc1 Kc3 51. Kd1 Kxc4 52. b7 Rb2
53. h4 Rxb7 54. Ke2 Rb2+ 55. Kf3 Kd4 56. h5 Ke5 57. Bf1 Kf6 58. Be2 f1=Q+ 59.
Bxf1 Kg5 60. Bd3 Rb3 61. Ke2 f4 62. Bg6 Kg4 63. h6 Rh3 64. h7 Rh2+ 65. Kf1 Kg3
66. Be4 f3 67. Kg1 Re2 68. Kf1 Ra2 69. h8=Q Rf2+ 70. Kg1 Rg2+ 71. Kh1 Re2 72.
Qe5+ Kf2 73. Qf4 Re3 74. Kh2 Ke2 75. Kg1 Rc3 76. Bb7 Re3 77. Ba6+ Kd2 78. Kf2
1-0

[Event "Unna- Haltern"]
[Site "?"]
[Date "2024.03.10"]
[Round "7.1"]
[White "Lautenschuetz, Ludger"]
[Black "Barskij, Aleksandr"]
[Result "1/2-1/2"]
[WhiteElo "1938"]
[BlackElo "1844"]
[PlyCount "86"]
[SourceDate "2024.03.25"]

1. d4 Nf6 2. c4 g6 3. Nc3 d5 4. cxd5 Nxd5 5. e4 Nxc3 6. bxc3 Bg7 7. Bc4 c5 8.
Ne2 Nc6 9. Be3 O-O 10. O-O Bg4 11. f3 Na5 12. Bxf7+ Rxf7 13. fxg4 Rxf1+ 14.
Kxf1 Qd6 15. Kg1 Qe6 16. Qd3 Qc4 17. Qxc4+ Nxc4 18. Bf2 Rd8 19. g5 cxd4 20.
cxd4 e5 21. d5 b6 22. Rc1 Rc8 23. h4 Kf8 24. a4 Ke7 25. Be1 Kd7 26. g4 Bf8 27.
Bg3 Ba3 28. Rc2 Bc5+ 29. Kh2 Ne3 30. Rc3 Nxg4+ 31. Kh3 Nf2+ 32. Bxf2 Bxf2 33.
Rxc8 Kxc8 34. Nc1 a6 35. Nd3 Bd4 36. Kg4 b5 37. axb5 axb5 38. Kf3 Kc7 39. Ke2
Kd6 40. Kd2 b4 41. Kc2 Bg1 42. Kb3 Bh2 43. Ne1 Kc5 1/2-1/2

[Event "Unna- Haltern"]
[Site "?"]
[Date "2024.03.10"]
[Round "7.2"]
[White "Kraemer, Sascha"]
[Black "Schniederjan, Thomas"]
[Result "1/2-1/2"]
[WhiteElo "1858"]
[BlackElo "1943"]
[PlyCount "104"]
[SourceDate "2024.03.25"]

1. d4 Nf6 2. Nf3 e6 3. c4 Bb4+ 4. Nc3 b6 5. a3 Bxc3+ 6. bxc3 Bb7 7. Bg5 h6 8.
Bh4 d6 9. e3 Nbd7 10. Be2 Qe7 11. O-O g5 12. Bg3 Ne4 13. Qc2 h5 14. h4 f5 15.
hxg5 h4 16. Bxh4 Rxh4 17. Nxh4 Qxg5 18. Nf3 Qg7 19. Ne1 O-O-O 20. f3 Ng3 21.
Kf2 Rh8 22. Nd3 Qh6 23. Nf4 Qh4 24. Nh3 Rg8 25. Rg1 f4 26. Bf1 Nf5+ 27. Ke2
Nxe3 28. Qd3 Ba6 29. Qe4 Bxc4+ 30. Kd2 Nxf1+ 31. Raxf1 Bxf1 32. Qxe6 Qh7 33.
Rxf1 Rxg2+ 34. Rf2 Rg6 35. Qe8+ Kb7 36. Qe4+ d5 37. Qxd5+ Rc6 38. Ng5 Qb1 39.
Ne4 Qb2+ 40. Kd3 Qb1+ 41. Ke2 Nf8 42. Rg2 Qc1 43. Nd6+ Kb8 44. Qxc6 Qc2+ 45.
Ke1 Qc1+ 46. Ke2 Qc2+ 47. Kf1 Qd1+ 48. Kf2 Qd2+ 49. Kf1 Qd1+ 50. Kf2 Qd2+ 51.
Kg1 Qe1+ 52. Kh2 Qh4+ 1/2-1/2

[Event "Unna- Haltern"]
[Site "?"]
[Date "2024.03.10"]
[Round "7.3"]
[White "Michalicek, Roland"]
[Black "Humpert, Dominik"]
[Result "0-1"]
[WhiteElo "1861"]
[BlackElo "1814"]
[PlyCount "80"]
[SourceDate "2024.03.25"]

1. e4 e6 2. d4 d5 3. exd5 exd5 4. Nf3 Nf6 5. Bd3 Bd6 6. O-O O-O 7. Bg5 Bg4 8.
Nbd2 Re8 9. c3 Nbd7 10. Qc2 h6 11. Bh4 c6 12. h3 Bxf3 13. Bxf6 Nxf6 14. Nxf3 b6
15. Ba6 Qc7 16. Rfe1 b5 17. a4 Qb6 18. axb5 cxb5 19. Qd3 Rxe1+ 20. Nxe1 b4 21.
Nc2 bxc3 22. bxc3 Qb3 23. Ne3 Ne4 24. Rb1 Qa2 25. Nd1 Re8 26. g3 Ba3 27. c4
Nxg3 28. Kg2 Ne2 29. Kf1 Nf4 30. Nc3 Qxf2+ 31. Kxf2 Nxd3+ 32. Kf3 dxc4 33. Bxc4
Ne1+ 34. Kf2 Rc8 35. Rb3 Rxc4 36. Kxe1 Bb4 37. Kd2 Kf8 38. Kd3 Rxc3+ 39. Rxc3
Bxc3 40. Kxc3 Ke7 0-1

[Event "Unna- Haltern"]
[Site "?"]
[Date "2024.03.10"]
[Round "7.4"]
[White "Solberg- Morgner, Kirsten"]
[Black "Czarnik, Josef"]
[Result "1/2-1/2"]
[WhiteElo "1823"]
[BlackElo "1899"]
[PlyCount "38"]
[SourceDate "2024.03.25"]

1. e4 e5 2. Nf3 Nc6 3. d4 exd4 4. Nxd4 Bb4+ 5. c3 Bc5 6. Be3 Bb6 7. Bc4 Ne5 8.
Be2 d5 9. f4 Ng6 10. exd5 Qxd5 11. Bf3 Qd8 12. g3 Nf6 13. Nd2 O-O 14. Kf2 Nd5
15. Bxd5 Qxd5 16. Qf3 Qxf3+ 17. N4xf3 Bxe3+ 18. Kxe3 Re8+ 19. Kf2 Bd7 1/2-1/2

[Event "Unna- Haltern"]
[Site "?"]
[Date "2024.03.10"]
[Round "7.5"]
[White "Lombardi, Marco"]
[Black "Franck, Axel"]
[Result "1-0"]
[WhiteElo "1866"]
[BlackElo "1714"]
[PlyCount "121"]
[SourceDate "2024.03.25"]

1. e4 d6 2. d4 g6 3. Nf3 Bg7 4. Be3 c5 5. Nc3 cxd4 6. Bxd4 Nf6 7. Bc4 O-O 8.
O-O Nc6 9. Be3 Ng4 10. Bf4 Nge5 11. Nxe5 Nxe5 12. Bb3 Ng4 13. h3 Nf6 14. Qd2
Bd7 15. Rad1 Bc6 16. Rfe1 b5 17. a3 a5 18. f3 Qb6+ 19. Be3 Qc7 20. Ne2 a4 21.
Ba2 Rac8 22. c3 Nd7 23. Bh6 Qb6+ 24. Kf1 Ne5 25. Bxg7 Kxg7 26. Qd4 Qxd4 27.
cxd4 Nc4 28. Bxc4 bxc4 29. d5 Bd7 30. Nd4 Rb8 31. Rd2 e5 32. dxe6 fxe6 33. Rc1
d5 34. exd5 exd5 35. Re1 Kf6 36. Kf2 Rb6 37. Ne2 Bc6 38. Nc3 Rfb8 39. Ree2 R8b7
40. g3 Re7 41. Rxe7 Kxe7 42. Ke3 Ke6 43. Kd4 Kd6 44. f4 Rb7 45. Re2 Rf7 46. h4
h5 47. Na2 Rb7 48. Nb4 Rb5 49. Re5 Rb7 50. Rg5 Rg7 51. f5 Re7 52. Rxg6+ Kd7 53.
Nxc6 Re2 54. Ne5+ Ke7 55. Kxd5 Rd2+ 56. Kc5 Rxb2 57. Nxc4 Rf2 58. Rg5 Rf3 59.
Kb4 Rb3+ 60. Kxa4 Rb8 61. Rxh5 1-0

[Event "Unna- Haltern"]
[Site "?"]
[Date "2024.03.10"]
[Round "7.6"]
[White "Irlaender, Walter"]
[Black "Schulz, Alfons"]
[Result "1/2-1/2"]
[WhiteElo "1809"]
[BlackElo "1759"]
[PlyCount "39"]
[SourceDate "2024.03.25"]

1. d4 Nf6 2. Nf3 e6 3. e3 b6 4. Bd3 Bb7 5. O-O Be7 6. Nbd2 d5 7. c4 O-O 8. cxd5
exd5 9. b3 Nbd7 10. Bb2 Ne4 11. Ne5 f6 12. Nxd7 Qxd7 13. f3 Nxd2 14. Qxd2 f5
15. Rac1 Rae8 16. f4 Bd6 17. Rf3 Re7 18. Rh3 g6 19. Rg3 Rg7 20. Rf1 1/2-1/2

[Event "Unna- Haltern"]
[Site "?"]
[Date "2024.03.10"]
[Round "7.7"]
[White "Lohkemper, Malte"]
[Black "Bertschik, Jonas"]
[Result "1/2-1/2"]
[WhiteElo "1697"]
[BlackElo "1653"]
[PlyCount "97"]
[SourceDate "2024.03.25"]

1. d4 d5 2. Bf4 Nf6 3. e3 Bf5 4. Nd2 e6 5. Ngf3 Bd6 6. Bg3 Nbd7 7. c4 Bxg3 8.
hxg3 c6 9. Qb3 Qb6 10. c5 Qxb3 11. axb3 O-O 12. b4 a6 13. Be2 Rfe8 14. Ne5 Nxe5
15. dxe5 Nd7 16. f4 f6 17. g4 Bg6 18. Nf3 fxe5 19. Nxe5 Nxe5 20. fxe5 Rf8 21.
Rf1 Rxf1+ 22. Kxf1 Rf8+ 23. Kg1 Be4 24. Rf1 Rxf1+ 25. Kxf1 Kf7 26. Kf2 Kg6 27.
Bf3 Bd3 28. Ke1 Kg5 29. Kd2 Be4 30. Ke2 g6 31. Kf2 Kh4 32. Bd1 h5 33. g3+ Kg5
34. gxh5 gxh5 35. Ke1 h4 36. gxh4+ Kxh4 37. Kd2 Kg5 38. Kc3 Kf5 39. Kd4 Kg5 40.
Be2 Bf5 41. Bd1 Bg4 42. Bc2 Bf5 43. Bd1 Be4 44. Be2 Bg6 45. Bd1 Kh4 46. Kc3 Kg3
47. Kd2 Kf2 48. Bg4 Bf7 49. Bd1 1/2-1/2

[Event "Unna- Haltern"]
[Site "?"]
[Date "2024.03.10"]
[Round "7.8"]
[White "Graff, Stephane"]
[Black "Rath, Michael"]
[Result "1/2-1/2"]
[WhiteElo "1425"]
[BlackElo "1673"]
[PlyCount "50"]
[SourceDate "2024.03.25"]

1. c4 Nf6 2. g3 c6 3. Bg2 d5 4. cxd5 cxd5 5. d4 e6 6. Nf3 Be7 7. O-O O-O 8. Nc3
Nc6 9. Bf4 Qb6 10. Rb1 Bd7 11. e3 h6 12. h4 Rfd8 13. Nh2 Nh7 14. Ng4 f5 15.
Nxh6+ gxh6 16. Qh5 Bf8 17. Nxd5 exd5 18. Bxd5+ Kh8 19. Qf7 Bg7 20. Rfc1 Nf6 21.
Bxh6 Rg8 22. Bxg7+ Rxg7 23. Qxf6 Qb5 24. Bc4 Qb4 25. Qh6+ Rh7 1/2-1/2